Reflexiones en torno al tratado de libre comercio entre Estados Unidos y Centroamérica: razones para el rechazo. TLC EU-CA /

Gespeichert in:
Bibliographische Detailangaben
1. Verfasser: Aguilar Sánchez, Carlos
Weitere Verfasser: ed.
Format: Text
Veröffentlicht: San José: Hermanos Salas
Schlagworte:
Tags: Tag hinzufügen
Keine Tags, Fügen Sie den ersten Tag hinzu!

MARC

LEADER 00000 a a2200000 04500
001 30067
003
040
020 |a 9977-83-145-9  
090 |a 194300  
100 |a Aguilar Sánchez, Carlos  
245 |a Reflexiones en torno al tratado de libre comercio entre Estados Unidos y Centroamérica: razones para el rechazo. TLC EU-CA /  |c Carlos Aguilar Sánchez 
260 |a San José:   |b Hermanos Salas  
300 |a 199 p.  
650 |a TLC  
650 |a ESTADO  
650 |a SOBERANIA  
650 |a SECTOR AGROPECUARIO  
650 |a INVERSIONES EXTRANJERAS  
650 |a SERVICIOS PUBLICOS  
650 |a MEDIO AMBIENTE  
650 |a SEGUROS  
650 |a INDUSTRIA TEXTIL  
700 |a ed.  
999 |c 15013  |d 15013